[Event "Barbera op"]
[Site "Barbera"]
[Date "1996.??.??"]
[Round "6"]
[White "Mowsziszian, Karen"]
[Black "Campos Moreno, Javier B"]
[Result "0-1"]
[WhiteElo "2470"]
[BlackElo "2485"]

1.Nf3 d5 2.g3 c6 3.Bg2 Bg4 4.c4 e6 5.cxd5 exd5 6.O-O Nf6 7.d3 Be7 8.Nbd2 O-O
9.h3 Bf5 10.Nh4 Be6 11.e4 Nfd7 12.Nf5 Bxf5 13.exf5 Bf6 14.Kh1 Ne5 15.Qc2 Na6
16.a3 Re8 17.Rb1 Rc8 18.b4 Nd7 19.Qd1 Re7 20.f4 Nc7 21.g4 Nb5 22.Rb3 Nc3
23.Qf3 Bd4 24.g5 Ne2 25.Qg4 Nxc1 26.Rxc1 f6 27.Nf3 Be3 28.Re1 Qf8 29.Rf1 Rce8
30.Nh4 Bd4 31.b5 Re1 32.bxc6 bxc6 33.Nf3 Rxf1+ 34.Bxf1 Bb6 35.d4 Qe7 36.h4 Qe4
37.Rb2 Bxd4 38.Rb7 Re7 39.Bg2 Bb6 40.Kh2 Be3 41.Kg3 Nf8 42.Rb4 Qc2 43.gxf6 Rf7
44.fxg7 Rxg7 45.Ng5 Bc5 46.Rb8 h6 47.Kh2 Qc3 48.Rc8 hxg5 49.Rxc6 Bg1+ 50.Kxg1 Qxc6
51.fxg5 Qc5+ 52.Kh2 Qd6+ 53.Kg1 Rc7 54.f6 Rc1+ 55.Kf2 Qe5 56.Bf3 Rc2+ 57.Be2 d4
58.Qf3 Qxe2+  0-1

[Event "Barcelona"]
[Site "Barcelona"]
[Date "1996.??.??"]
[Round "5"]
[White "Ochoa de Echaguen, F Javier"]
[Black "Narciso Dublan, Marc"]
[Result "0-1"]
[WhiteElo "2410"]
[BlackElo "2440"]

1.Nf3 d5 2.g3 c6 3.Bg2 Bg4 4.O-O Nd7 5.d3 e6 6.Nbd2 Bc5 7.Qe1 Ne7 8.h3 Bh5
9.b3 O-O 10.Bb2 a5 11.a3 Qc7 12.e4 Ba7 13.Kh1 Rfe8 14.e5 c5 15.g4 Bg6 16.Nh4 h6
17.f4 Bh7 18.Qg3 a4 19.f5 axb3 20.cxb3 Bb8 21.Rae1 Qa5 22.Qf2 Qa6 23.f6 gxf6
24.exf6 Ng6 25.Qe3 Qd6 26.Ndf3 Nf4 27.Nf5 Qf8 28.N3h4 d4 29.Qe4 Nxf6 30.Qxb7 Ra7
31.Qc6 Rc8 32.Nxh6+ Kh8 33.Nxf7+ Rxf7 34.Qb6 Qh6 35.Rxe6 Qxh4 36.b4 Nxg2
37.Kxg2 Qg3+  0-1

[Event "Barcelona"]
[Site "Barcelona"]
[Date "1996.??.??"]
[Round "8"]
[White "Torrecillas Martinez, Antonio"]
[Black "Jose Abril, Ramon"]
[Result "1/2-1/2"]
[WhiteElo "2345"]
[BlackElo "2315"]

1.Nf3 d5 2.g3 c6 3.Bg2 Bg4 4.d3 Nd7 5.Nbd2 e6 6.O-O Bd6 7.h3 Bh5 8.b3 Ne7
9.Bb2 O-O 10.e4 f6 11.Qe2 e5 12.d4 f5 13.dxe5 Bxe5 14.Bxe5 Nxe5 15.exd5 Nxf3+
16.Bxf3 Bxf3 17.Nxf3 Nxd5 18.c4 Nc3 19.Qe6+ Kh8 20.Rfe1 Ne4  1/2-1/2

[Event "Regionalliga SW9596"]
[Site "Bayern"]
[Date "1996.??.??"]
[Round "?"]
[White "Rohrer, David"]
[Black "Schulz, Juergen"]
[Result "1-0"]
[WhiteElo "1850"]
[BlackElo "2120"]

1.Nf3 d5 2.g3 g6 3.Bg2 Bg7 4.O-O e5 5.d3 Ne7 6.Nbd2 O-O 7.e4 c6 8.Re1 d4
9.Nc4 f6 10.a4 Be6 11.b3 c5 12.Nh4 Nbc6 13.f4 Qd7 14.Qe2 Rae8 15.Nf3 h6 16.Qf1 b6
17.Re2 exf4 18.gxf4 Bg4 19.Rf2 g5 20.h3 Bh5 21.Kh1 Kh8 22.Qg1 Ng6 23.Qh2 Qc7
24.f5 Qxh2+ 25.Kxh2 Nge5 26.Bd2 Bxf3 27.Bxf3 Rd8 28.Rg1 Rd7 29.Kg3 Rb8 30.h4 Kg8
31.Rh2 Bf8 32.hxg5 fxg5 33.Kf2 Kf7 34.Ke2 Nxc4 35.bxc4 Rd6 36.Be1 Re8 37.Bh5+ Ke7
38.Bxe8 Kxe8 39.Bg3 Rf6 40.Kf3 Bd6 41.Rgh1 Bf8 42.Kg4 Ne7 43.Be5 Rc6 44.Rb1 Ng8
45.Rhh1 Be7 46.Rb3 Kf7 47.c3 dxc3 48.Bxc3 Rd6 49.Ba1 Rc6 50.e5 h5+ 51.Kf3 h4
52.f6 Bd8 53.Rbb1 Re6 54.Rbg1  1-0

[Event "Regionalliga SW9596"]
[Site "Bayern"]
[Date "1996.??.??"]
[Round "?"]
[White "Negele, Anton"]
[Black "Drexel, Michael"]
[Result "1-0"]
[WhiteElo "2115"]
[BlackElo "2080"]

1.g3 d5 2.Nf3 Nf6 3.c4 c6 4.b3 Qb6 5.Bg2 e5 6.O-O e4 7.Ne1 h5 8.d3 h4 9.dxe4 hxg3
10.hxg3 dxe4 11.Bg5 Qa5 12.Bxf6 gxf6 13.Qd4 Be6 14.Qxe4 Bg7 15.Qd4 Rh7 16.Qd2 Qh5
17.Nf3 Nd7 18.Rd1 Ne5 19.Nc3 Kf8 20.Qf4 Nxf3+ 21.exf3 f5 22.Rd3 Qh2+ 23.Kf1 Bf6
24.Rad1 Kg7 25.Ne2 c5 26.Qc7 b6 27.Nf4 Re8 28.Rd8 Re7 29.Qb8 Bd4 30.R1xd4  1-0

[Event "Regionalliga SW9596"]
[Site "Bayern"]
[Date "1996.??.??"]
[Round "?"]
[White "Hackenberg, Andreas"]
[Black "Schmeidler, Martin"]
[Result "1-0"]
[WhiteElo "2190"]
[BlackElo "2075"]

1.Nf3 d5 2.g3 c5 3.Bg2 Nc6 4.O-O e5 5.d3 Bd6 6.c4 Nge7 7.cxd5 Nxd5 8.Nbd2 f6
9.Nc4 Be6 10.Nfd2 O-O 11.Ne4 Be7 12.Ne3 Nc7 13.g4 h5 14.h3 hxg4 15.hxg4 g6
16.Nc3 Kg7 17.Bxc6 bxc6 18.f3 Rh8 19.Kg2 f5 20.Rh1 Bh4 21.Bd2 Nd5 22.Nc4 Qf6
23.Qa4 fxg4 24.Ne4 Nf4+ 25.Bxf4 Qxf4 26.Qxc6 Bxc4 27.dxc4 Raf8 28.Raf1 Rh5
29.Qd7+ Rf7 30.Qxg4 Qxg4+ 31.fxg4 Rh8 32.Rxf7+ Kxf7 33.Nxc5 g5 34.Rf1+ Ke7
35.Rf5 Kd6 36.Ne4+ Ke6 37.c5 Rb8 38.b3 Rb4 39.Kf3 Rd4 40.Rf6+ Ke7 41.Rd6 Rb4
42.Ra6 Rb7 43.Nd6  1-0

[Event "Regionalliga SO9596"]
[Site "Bayern"]
[Date "1996.??.??"]
[Round "?"]
[White "Zenker, Ulrich"]
[Black "Kretschel, Klaus"]
[Result "1-0"]
[WhiteElo "2215"]
[BlackElo "2140"]

1.Nf3 d5 2.g3 Nf6 3.Bg2 c6 4.O-O Bf5 5.Nh4 Be4 6.Bh3 h6 7.d3 Bh7 8.f4 e6
9.f5 e5 10.Nd2 Be7 11.Nhf3 e4 12.Ne1 Nbd7 13.Ng2 Ne5 14.d4 Neg4 15.Bxg4 Nxg4
16.h3 Nf6 17.g4 Qc7 18.Nf4 g5 19.fxg6 fxg6 20.Qe1 Qd7 21.Nb3 g5 22.Ng2 O-O-O
23.Nc5 Bxc5 24.dxc5 Qe7 25.Qf2 Rhf8 26.Qd4 Nd7 27.Be3 Ne5 28.Bf2 Rf3 29.Ne3 Qe6
30.Kg2 Rf4 31.Bg3 Ng6 32.Nf5 e3 33.Rxf4 gxf4 34.Bxf4 Rf8 35.Bg3 h5 36.Rf1 hxg4
37.hxg4 Kd7 38.Qg7+ Rf7 39.Qd4 Nf8  1-0

[Event "Regionalliga SO9596"]
[Site "Bayern"]
[Date "1996.??.??"]
[Round "?"]
[White "Rosner, Gerhard"]
[Black "Flomin, Michael"]
[Result "1-0"]
[WhiteElo "1980"]
[BlackElo "1810"]

1.Nf3 d5 2.g3 Nc6 3.Bg2 e5 4.d3 Nf6 5.O-O Be7 6.Nbd2 O-O 7.e4 d4 8.Nc4 Nd7
9.c3 b5 10.Na3 Bxa3 11.bxa3 dxc3 12.Qb3 Nd4 13.Nxd4 exd4 14.Qxb5 Rb8 15.Qa4 c5
16.Qxa7 Qb6 17.Qa4 Qb5 18.Qc2 Ba6 19.Rd1 Qa5 20.f4 Bb5 21.Re1 Qa6 22.Bf1 Ba4
23.Qe2 Rb6 24.e5 Rfb8 25.f5 Rb1 26.Rxb1 Rxb1 27.Qg4 Nxe5 28.Rxe5 Rxc1 29.f6 g6
30.Qf4 Rxf1+ 31.Qxf1 h5 32.Rxc5 Qe6 33.Rc4 Bc6 34.Rxd4 c2 35.Qc1 Qe2 36.Rd8+ Be8
37.Rxe8+ Qxe8 38.Qxc2 Qe1+ 39.Kg2 Qe6 40.Qf2 Qd5+ 41.Qf3 Qxa2+ 42.Kh3 Qxa3
43.Qe4 Qf8 44.d4 Kh7 45.Qb7 Kh6 46.Qe4 Qc8+ 47.Kg2 g5 48.h4 Qe6 49.Qxe6  1-0

[Event "Regionalliga SO9596"]
[Site "Bayern"]
[Date "1996.??.??"]
[Round "?"]
[White "Kohout, Peter"]
[Black "Riediger, Martin"]
[Result "1/2-1/2"]
[WhiteElo "2290"]
[BlackElo "2210"]

1.Nf3 d5 2.g3 c6 3.Bg2 Bg4 4.d4 Nd7 5.c4 e6 6.cxd5 cxd5 7.Nc3 Ngf6 8.O-O Bd6
9.Bd2 a6 10.Qb3 Rb8 11.h3 Bh5 12.Ne1 Bg6 13.Nd1 Ne4 14.Bxe4 Bxe4 15.Bb4 Qb6
16.Bxd6 Qxd6 17.Nc3 O-O 18.Ng2 Bxg2 19.Kxg2 Rfc8 20.Rfc1 Rc4 21.e3  1/2-1/2

[Event "Regionalliga SO9596"]
[Site "Bayern"]
[Date "1996.??.??"]
[Round "?"]
[White "Haselbeck, Franz"]
[Black "Forstmaier, Markus"]
[Result "1-0"]
[WhiteElo "1835"]
[BlackElo "1840"]

1.Nf3 d5 2.g3 Nc6 3.Bg2 e5 4.d3 Nf6 5.O-O Bc5 6.Nfd2 Bg4 7.h3 Bh5 8.c3 O-O
9.b4 Bb6 10.b5 Ne7 11.a4 Qd7 12.Bb2 c6 13.c4 Qd6 14.Nb3 d4 15.Ba3 Qe6 16.a5 Bd8
17.Nc5 Qc8 18.a6 b6 19.Nb7 c5 20.Nxd8 Rxd8 21.Nd2 Rb8 22.Bc1 Bg6 23.Nf3 Qe6
24.Ng5 Qd7 25.Nf3 Qd6 26.Nh4 h6 27.f4 Rbc8 28.Nxg6 Nxg6 29.f5 Ne7 30.g4 Nh7
31.Qe1 f6 32.Qg3 Kf7 33.h4 Rh8 34.Bd2 Rcg8 35.Be4 Ke8 36.Rf2 Kd7 37.Raf1 Kc7
38.Qf3 Kd7 39.Qg2 Kc7 40.Qf3 Kd7 41.Qg3 Kc7 42.Bg2 Kd7 43.Qf3 Qc7 44.Bh3 Qd6
45.Rg2 Qb8 46.Rff2 Qa8 47.Qg3 Ke8 48.Rh2 Kf7 49.Bg2 Qd8 50.Bb7 Qd6 51.Qf3 Qd8
52.Rhg2 Qd6 53.g5 hxg5 54.hxg5 Nxg5 55.Bxg5 fxg5 56.Rxg5 Rh7 57.Rg6 Qc7 58.Bd5+ Nxd5
59.Qxd5+ Kf8 60.f6 gxf6 61.Qxg8+  1-0

[Event "Regionalliga NW9596"]
[Site "Bayern"]
[Date "1996.??.??"]
[Round "?"]
[White "Leyh, Martin"]
[Black "Purrucker, Hermann"]
[Result "1/2-1/2"]
[WhiteElo "1795"]
[BlackElo "2000"]

1.Nf3 d5 2.g3 c6 3.Bg2 g6 4.O-O Bg7 5.d3 Nf6 6.Nbd2 O-O 7.e4 dxe4 8.dxe4 Bg4
9.Qe2 Qc8 10.Re1 Na6 11.Qf1 Nb4 12.Qc4 a5 13.Nf1 Be6 14.Qe2 Nxa2 15.Bg5 b5
16.e5 Bc4 17.Qd1 Nd5 18.Ne3 Nxe3 19.Rxe3 f6 20.exf6 exf6 21.Bf4 Nb4 22.Re1 Rd8
23.Qc1 Bd5 24.Bd2 Qg4 25.h3 Qc4 26.Bxb4 Qxb4 27.c3 Qd6 28.Nd4 Bxg2 29.Kxg2 c5
30.Ne6 Re8 31.Nxg7 Rxe1 32.Qxe1 Kxg7 33.Rd1 Qc6+ 34.Kh2 Re8 35.Qd2 Re7 36.Qd8 Qe6
37.Rd2 a4 38.c4 b4 39.Qa5 Qxc4 40.Qxa4 Qf1 41.Qc6 c4  1/2-1/2

[Event "Regionalliga NW9596"]
[Site "Bayern"]
[Date "1996.??.??"]
[Round "?"]
[White "Lengerer, Peter"]
[Black "Sternheimer, Erhard"]
[Result "0-1"]
[WhiteElo "1985"]
[BlackElo "2035"]

1.Nf3 d5 2.g3 Bf5 3.c4 c6 4.cxd5 cxd5 5.Qb3 Qc8 6.Nc3 e6 7.d3 Nc6 8.Bg2 Nf6
9.O-O Be7 10.Bf4 O-O 11.Rac1 Qd7 12.Ne5 Nxe5 13.Bxe5 Ng4 14.Bf4 e5 15.Bd2 d4
16.Nd5 Bd6 17.Bb4 Be6 18.Bxd6 Qxd6 19.Qxb7 Rab8 20.Qe7 Rfd8 21.Rc6 Qd7 22.Rc7 Qb5
23.Rc5 Qxb2 24.Qxa7 Qxe2 25.Be4 Rb1 26.Rcc1 Rxc1 27.Rxc1  0-1

[Event "Regionalliga NW9596"]
[Site "Bayern"]
[Date "1996.??.??"]
[Round "?"]
[White "Lengerer, Peter"]
[Black "Seidel, Dieter"]
[Result "0-1"]
[WhiteElo "1985"]
[BlackElo "1905"]

1.Nf3 d5 2.g3 c6 3.c4 dxc4 4.Bg2 Nf6 5.Na3 g6 6.Nxc4 Bg7 7.O-O O-O 8.d3 Nbd7
9.Rb1 Nb6 10.Nfd2 Nxc4 11.Nxc4 Be6 12.Bd2 Nd5 13.Qc2 Qd7 14.Rfc1 Nb6 15.b3 Nd5
16.b4 Bh3 17.Bh1 Bd4 18.Na5 Rac8 19.Qc4 Nb6 20.Qc2 Nd5 21.Nb3 Bg7 22.Nc5 Qc7
23.Qa4 b6 24.Bxd5 cxd5 25.Ne6 Qe5 26.Nxf8 Rxc1+ 27.Rxc1 Qxe2 28.Qd1 Qxd3
29.g4 Qe4 30.f3 Qd4+ 31.Kh1 Qf2  0-1

[Event "Regionalliga NW9596"]
[Site "Bayern"]
[Date "1996.??.??"]
[Round "?"]
[White "Burgemeister, Wolfgang"]
[Black "Schell, Walter"]
[Result "1/2-1/2"]
[WhiteElo "2025"]
[BlackElo "2055"]

1.Nf3 d5 2.g3 Nf6 3.Bg2 e6 4.O-O Be7 5.c4 O-O 6.Qc2 c5 7.d4 cxd4 8.Nxd4 Nc6
9.Nxc6 bxc6 10.Nd2 e5 11.Nf3 Qd6 12.Rd1 Be6 13.b3 Nd7 14.Ng5 Bxg5 15.Bxg5 Rac8
16.Rac1 f6 17.Be3 d4 18.c5 Qe7 19.Bd2 f5 20.f4 g5 21.e3 dxe3 22.Bxe3 gxf4
23.gxf4 e4 24.Qf2 Kf7 25.Kh1 Rg8 26.Bf1 Nf6 27.h3 Nh5 28.Be2 Ng3+ 29.Kh2 Nxe2
30.Qxe2 Qh4 31.Qf2 Qxf2+ 32.Bxf2 Bd5 33.Be3 Rg6 34.Rg1 Rcg8 35.Rxg6 Rxg6
36.b4 Ke8  1/2-1/2

[Event "Regionalliga NW9596"]
[Site "Bayern"]
[Date "1996.??.??"]
[Round "?"]
[White "Burgemeister, Wolfgang"]
[Black "Ledfuss, Guntram"]
[Result "1/2-1/2"]
[WhiteElo "2025"]
[BlackElo "1930"]

1.Nf3 d5 2.g3 Nf6 3.Bg2 c5 4.O-O Nc6 5.d4 Bg4 6.Ne5 Bh5 7.Nxc6 bxc6 8.dxc5 Qa5
9.c4 e6 10.Nd2 Qxc5 11.cxd5 cxd5 12.Qa4+ Nd7 13.Nf3 a6  1/2-1/2

[Event "Regionalliga NO9596"]
[Site "Bayern"]
[Date "1996.??.??"]
[Round "?"]
[White "Muehl, Theobald"]
[Black "Hilge, Andreas"]
[Result "1-0"]
[WhiteElo "2130"]
[BlackElo "2210"]

1.Nf3 d5 2.g3 c6 3.Bg2 Bf5 4.d3 h6 5.Nbd2 Nf6 6.c4 e6 7.Qb3 Qb6 8.Qxb6 axb6
9.O-O Nbd7 10.cxd5 exd5 11.e4 dxe4 12.dxe4 Be6 13.a3 Bc5 14.b3 Ke7 15.Bb2 b5
16.b4 Bb6 17.e5 Nd5 18.Ne4 Ra7 19.Rfd1 Rha8 20.h3 Bc7 21.Bf1 N7b6 22.Rac1 Nc4
23.Bxc4 bxc4 24.Nd4 Bxe5 25.Nxc6+ bxc6 26.Bxe5 Rxa3 27.Bd6+ Ke8 28.Nc5 Rd8
29.Be5 c3 30.Bxg7 h5 31.Rd4 Ke7 32.Nxe6 fxe6 33.Rc4 Kd6 34.Bxc3 Nxc3 35.R1xc3 Rxc3
36.Rxc3 Rb8 37.Rc4 Ke5  1-0

[Event "Regionalliga NW9596"]
[Site "Bayern"]
[Date "1996.??.??"]
[Round "?"]
[White "Assmann, Norbert"]
[Black "Reer, Erdmann"]
[Result "1-0"]
[WhiteElo "2055"]
[BlackElo "2000"]

1.Nf3 d5 2.g3 c6 3.Bg2 Nf6 4.O-O Bf5 5.d3 h6 6.Nbd2 Nbd7 7.b3 e6 8.Bb2 Be7
9.c4 O-O 10.Re1 Qc7 11.e4 dxe4 12.dxe4 Bg4 13.e5 Nh7 14.Qc2 Bf5 15.Qc3 Nc5
16.Re3 Rfd8 17.b4 Na4 18.Qb3 Nxb2 19.Qxb2 Rd7 20.c5 b6 21.Nb3 bxc5 22.bxc5 Rad8
23.Nfd4 Rxd4 24.Nxd4 Bxc5 25.Nxc6 Bxe3 26.Nxd8 Bb6 27.Nc6 Ng5 28.Rc1 Be4
29.Bxe4 Nxe4 30.Qb4 Bxf2+ 31.Kg2  1-0

[Event "Regionalliga NW9596"]
[Site "Bayern"]
[Date "1996.??.??"]
[Round "?"]
[White "Assmann, Norbert"]
[Black "Lechleitner, Walter"]
[Result "0-1"]
[WhiteElo "2055"]
[BlackElo "2055"]

1.Nf3 d5 2.g3 c5 3.Bg2 Nc6 4.O-O e5 5.d3 Nf6 6.Nbd2 Be7 7.e4 d4 8.Nc4 Qc7
9.a4 O-O 10.Bd2 Bg4 11.h3 Bh5 12.g4 Bg6 13.Nh4 Ne8 14.Nf5 Nd6 15.Ncxd6 Bxd6
16.h4 f6 17.Bf3 Ne7 18.Kg2 Bf7 19.Qc1 Be6 20.Rh1 c4 21.Qe1 Rac8 22.Bb4 Bc5
23.Qd2 Ng6 24.Bxc5 Qxc5 25.Be2 Nf4+ 26.Kf3 Rc7 27.Rhc1 h5 28.Rg1 hxg4+ 29.Kg3 Rfc8
30.Bxg4 cxd3 31.cxd3 Kf7 32.Rgc1 Qb6 33.Rxc7+ Rxc7 34.b4 Rc3 35.Be2 Bxf5
36.exf5 Qc6 37.Re1 Qg2+  0-1

[Event "Regionalliga NW9697"]
[Site "Bayern"]
[Date "1996.??.??"]
[Round "?"]
[White "Braun, Siegmund"]
[Black "Neubert, Marcus"]
[Result "1/2-1/2"]
[WhiteElo "2005"]
[BlackElo "2060"]

1.Nf3 d5 2.g3 e6 3.Bg2 Nf6 4.O-O c5 5.d4 Nbd7 6.c4 dxc4 7.Na3 Nb6 8.Qc2 Bd7
9.Nxc4 Nxc4 10.Qxc4 b5 11.Qc2 Rc8 12.dxc5 Bxc5 13.Qd3 Bc6 14.Qxd8+ Rxd8 15.Bg5 Bb6
16.Rac1 Bd5 17.b3 O-O 18.Rfd1  1/2-1/2

[Event "Regionalliga NW9697"]
[Site "Bayern"]
[Date "1996.??.??"]
[Round "?"]
[White "Karl, Winfried"]
[Black "Bebersdorf, Claus"]
[Result "1-0"]
[WhiteElo "1925"]
[BlackElo "2020"]

1.Nf3 d5 2.g3 Nf6 3.Bg2 c5 4.d4 e6 5.O-O Nc6 6.c4 dxc4 7.Qa4 Bd7 8.Qxc4 cxd4
9.Nxd4 Rc8 10.Nc3 Nxd4 11.Qxd4 Bc5 12.Qd3 Bc6 13.Qxd8+ Kxd8 14.Bg5 Bxg2 15.Kxg2 h6
16.Bxf6+ gxf6 17.Rfd1+ Ke7 18.Rac1 a6 19.Rd3 Rhd8 20.Ne4 Bb6 21.Rxc8 Rxc8
22.Rb3 Rc6 23.g4 f5 24.gxf5 exf5 25.Ng3 Ke6 26.Kf3 Ke5 27.Nh5 Kd4 28.Nf4 Kc5
29.Nd3+ Kd6 30.Nb4 Rc4 31.Nxa6 Bxf2 32.Kxf2 bxa6 33.Rb6+ Ke5 34.Rxh6 a5 35.Ra6 a4
36.Ra5+ Kf6 37.Rb5 Rh4 38.Kg3 Re4 39.Kf3 Rh4 40.a3 Rc4 41.Rb4 Rc2 42.Ke3  1-0

[Event "Regionalliga SO9697"]
[Site "Bayern"]
[Date "1996.??.??"]
[Round "?"]
[White "Kalwa, Johannes"]
[Black "Prediger, Rupert"]
[Result "0-1"]
[WhiteElo "1975"]
[BlackElo "2195"]

1.Nf3 d5 2.g3 e6 3.Bg2 f5 4.O-O Nf6 5.d3 Bc5 6.Nbd2 O-O 7.c3 Nbd7 8.Ng5 Qe8
9.e4 fxe4 10.dxe4 h6 11.Nh3 dxe4 12.Nxe4 Nxe4 13.Bxe4 Nf6 14.Bg2 e5 15.Qe2 Kh8
16.Qc4 Bb6 17.Qh4 Ng4 18.Be4 Qa4 19.Bd5 Qc2 20.Qe7 Bf5 21.Bb3 Qe2 22.Bd1 Qb5
23.a4 Qc6 24.Qh4 Nxf2 25.Nxf2 Bd3 26.a5 Bxf1 27.axb6 Qg2+  0-1

[Event "Regionalliga SW9697"]
[Site "Bayern"]
[Date "1996.??.??"]
[Round "?"]
[White "Awenius, Andreas"]
[Black "Fischer, Manfred"]
[Result "1/2-1/2"]
[WhiteElo "2125"]
[BlackElo "2100"]

1.Nf3 d5 2.g3 e6 3.Bg2 c6 4.O-O Nd7 5.d3 Ngf6 6.Nbd2 Bc5 7.e4 dxe4 8.dxe4 Qc7
9.Qe2 Ng4 10.a4 a5 11.Nb3 Bb6 12.Nfd4 h5 13.h3 Ngf6 14.Be3 e5 15.Nf5 g6 16.Nh4 Bxe3
17.Qxe3 Qb6 18.Qg5 Qb4 19.Rad1 b6 20.f4 Nh7 21.Qh6 Qf8 22.Qxf8+ Nhxf8 23.Rd6 Bb7
24.Rfd1 O-O-O 25.f5 g5 26.Nf3 f6 27.Nfd2 Nh7 28.Nc4 Kc7 29.Kf2 Ba6 30.Bf1 Bxc4
31.Bxc4 Nb8 32.Rxd8 Rxd8 33.Rxd8 Kxd8 34.h4 Ke7  1/2-1/2

[Event "Oberliga Bayern9596"]
[Site "Bayern"]
[Date "1996.??.??"]
[Round "?"]
[White "Grundherr, Martin"]
[Black "De Francesco, Klaus"]
[Result "1/2-1/2"]
[WhiteElo "2370"]
[BlackElo "2280"]

1.Nf3 d5 2.g3 c6 3.Bg2 Bf5 4.c4 e6 5.Qb3 Qb6 6.O-O Nd7 7.Qxb6 axb6 8.cxd5 exd5
9.d3 Ngf6 10.Nc3 Nc5 11.Bg5 Be7 12.e4 dxe4 13.dxe4 Be6 14.Nd4 Bc4 15.Rfd1 h6
16.Bxf6 Bxf6 17.e5 Bxe5 18.Re1 O-O-O 19.Bh3+ Kc7 20.Ndb5+ cxb5 21.Rxe5 Rhe8
22.Rxe8 Rxe8 23.Bf1 Bxf1 24.Kxf1 Kc6 25.Rd1  1/2-1/2

[Event "Oberliga Bayern9596"]
[Site "Bayern"]
[Date "1996.??.??"]
[Round "?"]
[White "Schoenau, Werner"]
[Black "Hertel, Hans"]
[Result "0-1"]
[WhiteElo "2305"]
[BlackElo "2050"]

1.Nf3 d5 2.g3 c6 3.Bg2 Bg4 4.d4 Nd7 5.O-O e6 6.c4 Bd6 7.Qb3 Rb8 8.Nc3 f5
9.Ng5 Qf6 10.f3 Bh5 11.cxd5 exd5 12.e4 Qxd4+ 13.Kh1 Nc5 14.Qc2 fxe4 15.fxe4 Nf6
16.exd5 O-O 17.Rxf6 Nd3 18.Rf1 Rxf1+ 19.Bxf1 Bc5 20.Nh3 Bf3+ 21.Bg2 Ne1 22.Bf4 Nxc2
23.Bxf3 Nxa1 24.Bxb8  0-1

[Event "Oberliga Bayern9596"]
[Site "Bayern"]
[Date "1996.??.??"]
[Round "?"]
[White "Urankar, Hans Peter"]
[Black "Martin, Thomas"]
[Result "1/2-1/2"]
[WhiteElo "2220"]
[BlackElo "2205"]

1.Nf3 d5 2.g3 Nf6 3.Bg2 Bf5 4.c4 c6 5.b3 e6 6.O-O Be7 7.d3 h6 8.Nbd2 O-O
9.Bb2 Nbd7 10.a3 a5 11.Qc2 Qb6 12.h3 Bh7 13.Rfe1 Bc5 14.e3 Rfd8 15.Bf1 Be7
16.Bd4 c5 17.Bb2 Qd6 18.e4 dxe4 19.dxe4 Ne8 20.Nb1 Bf6 21.Nc3 Nc7 22.Rad1 Bd4
23.Nxd4 cxd4 24.Na4 e5 25.c5 Qc6 26.Rc1 Ne6 27.Bc4 Ng5 28.Bd3 Nf3+ 29.Kf1 Nxe1
30.Kxe1 Rdc8 31.Qe2 Rc7 32.Bb5 Qxe4 33.Bxd7 Rxd7 34.Nb6 d3 35.Qxe4 d2+ 36.Ke2 Bxe4
37.Rd1 Rad8 38.Nxd7 Rxd7 39.Rxd2 Rxd2+ 40.Kxd2 a4 41.bxa4 f6 42.Kc3 Kf7 43.Kb4 Ke6
44.Kb5 Bc6+ 45.Kb6 Bxa4 46.Kxb7 Kd5 47.Kb6 Bd7 48.Bc1 g5 49.g4 f5 50.gxf5 Bxf5
51.a4 Bxh3 52.a5 Bd7 53.a6 Bc6 54.Be3 e4 55.a7 Ba8 56.Bd2 Bc6 57.Bc3 h5 58.Bd2 g4
59.Bg5 Ba8 60.Bh4 Bc6 61.Be7 Ba8 62.Kc7 g3 63.fxg3 e3 64.Bg5 e2 65.Bd2 Kxc5
66.Kd7 Kd4 67.Ke6 Kd3 68.Be1 Kc2 69.Kf6 Kd1 70.Bb4  1/2-1/2

[Event "Beersheba"]
[Site "Beersheba"]
[Date "1996.??.??"]
[Round "4"]
[White "Kanstler, Boris"]
[Black "Mikhalevski, Alexander"]
[Result "1-0"]
[WhiteElo "2475"]
[BlackElo "2435"]

1.Nf3 d5 2.g3 Bg4 3.Bg2 c6 4.O-O Nf6 5.b3 Nbd7 6.Bb2 e6 7.d3 Bc5 8.Nbd2 O-O
9.h3 Bxf3 10.Nxf3 Qc7 11.e3 a5 12.a4 b5 13.Qe2 bxa4 14.Rxa4 Bb4 15.Ra2 Ra7
16.e4 Rfa8 17.Rfa1 Ne8 18.d4 Nb6 19.c4 a4 20.c5 a3 21.cxb6 axb2 22.Qxb2 Qxb6
23.Rxa7 Rxa7 24.Rxa7 Qxa7 25.Ne5 Qc7 26.Qc2 dxe4 27.Qxc6 Qxc6 28.Nxc6 Bd6
29.Bxe4 Bc7 30.Kf1 Nd6 31.Bd3 Bb6 32.Ke2 Kf8 33.Kd2 h6 34.Kc3 Ke8 35.b4 Kd7
36.Nb8+ Kc7 37.Na6+ Kc6 38.Nc5 Bd8 39.Be4+ Kc7 40.Kd3 Kb6 41.f3 Kc7 42.f4 Be7
43.g4 Bh4 44.d5 exd5 45.Bxd5 Bg3 46.Ke3 Be1 47.Kd4 Bf2+ 48.Ke5 Be1 49.Bb3 Kc6
50.Ba4+ Kc7 51.Kd5 Bd2 52.Nd3 Nc8 53.Bb3 Ne7+ 54.Ke4 f6 55.Bf7 g5 56.f5 Kd6
57.b5 Bc3 58.Be6 Ba1 59.Nc1 Bc3 60.Kd3 Be1 61.Kc4 Bd2 62.Ne2 Be3 63.Ng3 Ke5
64.Nh5 Bf2 65.Ng7 Be3 66.Kb4 Bd4 67.Ka5 Kf4 68.Nh5+ Kf3 69.b6 Nc6+ 70.Kb5 Nb8
71.Kc4 Be5 72.Bc8 Kg2 73.Kd5 Kxh3 74.Ke6 Bd4 75.Nxf6 Bxb6 76.Ne8 Nc6 77.f6 Nd8+
78.Ke7 Kh4 79.Ng7 Nc6+ 80.Kd6 Nd8 81.Ke7 Ba5 82.f7 Nxf7 83.Kxf7 Bc3 84.Nh5 Bb2
85.Kg6 Bc1 86.Kxh6 Bd2 87.Kg6 Bc1 88.Kf5 Bd2 89.Ke4  1-0

[Event "Beersheba"]
[Site "Beersheba"]
[Date "1996.??.??"]
[Round "8"]
[White "Tseitlin, Mark D"]
[Black "Mikhalevski, Alexander"]
[Result "1-0"]
[WhiteElo "2545"]
[BlackElo "2435"]

1.Nf3 d5 2.g3 Bg4 3.Ne5 Bh5 4.c4 f6 5.Nf3 dxc4 6.Bg2 Nc6 7.Qa4 Bf7 8.Ne5 Bd5
9.Nxc6 bxc6 10.e4 Be6 11.Qxc6+ Kf7 12.f4 Qe8 13.Qc5 g6 14.f5 Bd7 15.Qxc4+ Kg7
16.Nc3 e5 17.fxe6 Qxe6 18.Qxe6 Bxe6 19.d4 Rb8 20.O-O Bd6 21.b3 h5 22.Bb2 h4
23.e5 fxe5 24.Ne4 hxg3 25.hxg3 Rh5 26.Rac1 Rd8 27.dxe5 Bxe5 28.Rxc7+ Rd7
29.Nc5 Kh6 30.Bxe5 Rxc7 31.Bf4+ Kh7 32.Nxe6 Rc2 33.Bg5 Nh6 34.Rf8 Rxa2 35.Bf6 Ng8
36.Rf7+ Kh6 37.Bg7+ Kh7 38.Nf8+  1-0

[Event "Belgrade"]
[Site "Belgrade"]
[Date "1996.??.??"]
[Round "8"]
[White "Popchev, Milko"]
[Black "Pikula, Dejan"]
[Result "1/2-1/2"]
[WhiteElo "2475"]
[BlackElo "2455"]

1.g3 d5 2.Nf3 Nf6 3.Bg2 c6 4.O-O Bg4 5.b3 Nbd7 6.Bb2 e6 7.c4 Bd6 8.d4 O-O
9.Nbd2 a5 10.a3 Bc7 11.Re1 b5 12.e4 dxc4 13.bxc4 e5 14.Qc2 Qb8 15.h3 Bxf3
16.Nxf3 bxc4 17.Rab1 Nb6 18.dxe5 Nfd7 19.Nd2 Bxe5 20.f4 Bxb2 21.Rxb2 Qd6
22.Nb1 Nc5 23.Rxb6 Nd3 24.Qd2 Qc7 25.Rb2 Nxe1 26.Qxe1 Rab8 27.Rf2 Rb3 28.Nd2 Rxa3
29.Nxc4 Rxg3 30.Qxa5 Qd7 31.Kh2 Rb3 32.Rd2 Qe7 33.Qf5 Qb4 34.Bf1 Rb1 35.Bd3 Rc1
36.Rg2 g6 37.Ne5 Qe1 38.Qf6 Qh1+ 39.Kg3 Rc3 40.Qd6 Qf1 41.Qd4 Ra3 42.Rg1 Qe2
43.Rg2 Qf1 44.Rg1 Qe2  1/2-1/2

[Event "Benasque op"]
[Site "Benasque"]
[Date "1996.??.??"]
[Round "4"]
[White "Marin, Mihail"]
[Black "Gonzalez, Renier"]
[Result "1-0"]
[WhiteElo "2530"]
[BlackElo "2450"]

1.Nf3 d5 2.g3 Nf6 3.Bg2 c6 4.O-O Bf5 5.b3 e6 6.Bb2 Nbd7 7.d3 Be7 8.c4 O-O
9.Nbd2 h6 10.a3 a5 11.Qc2 Bh7 12.Bc3 Re8 13.Qb2 Bf8 14.b4 a4 15.Rfe1 c5 16.bxc5 dxc4
17.d4 e5 18.Nxe5 Nxe5 19.dxe5 Nd5 20.Bd4 c3 21.Bxc3 Nxc3 22.Qxc3 Ra5 23.Ne4 Bxe4
24.Bxe4 Rxc5 25.Qb2 Rexe5 26.Qxb7 Rb5 27.Qa8 Qe7 28.Bd3 Rb3 29.Rec1 Rxa3
30.Rxa3 Qxa3 31.Rc4 Qd6 32.Rxa4 Qd5 33.Qb8 Qd6 34.Qb3 Re7 35.Ra8 Rc7 36.Bc4 Qc6
37.Bd5 Qd6 38.Kg2 g6 39.h4 Kg7 40.Qb2+ Kg8 41.Qd4 Qc5 42.Bxf7+ Kh7 43.Qf6  1-0

[Event "Benasque op"]
[Site "Benasque"]
[Date "1996.??.??"]
[Round "6"]
[White "Marin, Mihail"]
[Black "Galego, Luis"]
[Result "1/2-1/2"]
[WhiteElo "2530"]
[BlackElo "2435"]

1.Nf3 d5 2.g3 c6 3.Bg2 Nf6 4.O-O Bg4 5.d3 Nbd7 6.Nbd2 e5 7.h3 Bh5 8.e4 dxe4
9.dxe4 Bc5 10.Qe1 O-O 11.Nh4 Re8 12.Nc4 Nb6 13.Na5 Qc7 14.a4 Nfd7 15.Nf5 Bf8
16.Be3 Nc5 17.b3 Ne6 18.Qc3 f6 19.f4 Nd7 20.Nc4 a5 21.fxe5 Bb4 22.Qb2 Nxe5
23.Nxe5 fxe5 24.Rf2 Rad8 25.Bf1 Kh8 26.Bc4 Bc5 27.Bxe6 Bxe3 28.Nxe3 Rxe6
29.Raf1 Ree8 30.Qc3 h6 31.Nc4 b6 32.b4 axb4 33.Qxb4 b5 34.axb5 cxb5 35.Qxb5 Rb8
36.Qd5 Rbd8 37.Qb5 Rb8 38.Qd5  1/2-1/2

[Event "Benasque op"]
[Site "Benasque"]
[Date "1996.??.??"]
[Round "8"]
[White "Marin, Mihail"]
[Black "Giorgadze, Giorgi"]
[Result "1/2-1/2"]
[WhiteElo "2530"]
[BlackElo "2580"]

1.Nf3 d5 2.g3 g6 3.Bg2 Bg7 4.c4 e6 5.O-O Ne7 6.d4 Nbc6 7.cxd5 exd5 8.Nc3 O-O
9.b3 Be6 10.Ba3 a5 11.Qd2 Re8 12.Rac1 Nb4 13.Na4 Nec6 14.Nc5 Bc8 15.e3 b6
16.Nd3 Ba6 17.Nxb4 axb4 18.Rfd1 Qd6 19.Ne5 Nxd4 20.Bxb4 Ne2+ 21.Qxe2 Bxe2
22.Bxd6 Bxd1 23.Nxf7 cxd6 24.Ng5 Ra5 25.b4 Rb5 26.Rxd1 h6 27.a3 hxg5 28.Bf1 Rxb4
29.axb4 d4 30.Bb5 Re7 31.exd4 Re4 32.Kg2  1/2-1/2

[Event "DVM U20"]
[Site "Berlin"]
[Date "1996.??.??"]
[Round "1"]
[White "Wilhelmi, Christian"]
[Black "David, Rene"]
[Result "1-0"]
[WhiteElo "2355"]
[BlackElo "2235"]

1.Nf3 d5 2.g3 Nf6 3.Bg2 c6 4.b3 Bf5 5.Bb2 e6 6.d3 h6 7.Nbd2 Qa5 8.a3 Be7
9.O-O O-O 10.Qe1 Bh7 11.e4 dxe4 12.dxe4 Rd8 13.Qe2 Nbd7 14.e5 Ne8 15.Ne4 Qc7
16.Qe3 Qb6 17.Bd4 c5 18.Bc3 Nb8 19.Nfd2 Nc6 20.Nc4 Qc7 21.Nxc5 Bxc5 22.Qxc5 Bxc2
23.Ba5 Nxa5 24.Qxc7 Nxc7 25.Nxa5 Nd5 26.Rfc1 b6 27.Nc6 Bxb3 28.Nxd8 Rxd8
29.Rab1 Ba4 30.Rc4 b5 31.Rc5 Nb6 32.Bf1 Nd7 33.Rc7 Nxe5 34.Bxb5 Nf3+ 35.Kg2 Nd2
36.Rb2 Bd1 37.f4 a5 38.Rd7 Rxd7 39.Bxd7 Nc4 40.Rb8+ Kh7 41.a4 Kg6 42.Bc6 Ne3+
43.Kf2 Nc2 44.Ra8 Nd4 45.Be8 Kf6 46.Ra7 Kg6 47.Bxf7+  1-0